| 000 | 00592nam a2200169Ia 4500 | ||
|---|---|---|---|
| 003 | GCL | ||
| 008 | 140319s9999 xx 000 0 ara d | ||
| 040 |
_aGCL / _cGCL |
||
| 082 | 0 | 4 |
_a091.1 _bج ف |
| 245 | 1 | 0 |
_aفهرست المخطوطات والمصورات : _bالجزء الثالث - المجلد الاول الحديث الشريف |
| 260 |
_aالرياض : _bجامعة الامام محمد بن سعود ، _c1985 |
||
| 300 |
_a469 ص ؛ _c24 سم |
||
| 490 | _a | ||
| 650 | 0 | 4 | _aالمخطوطات العربية |
| 650 | 0 | 4 | _aالفهارس, السعودية |
| 942 |
_2ddc _cBK |
||
| 999 |
_c35594 _d35594 |
||